|
|
|
|
| LEADER |
00000nam a2200000 a 4500 |
| 001 |
UCY0680 |
| 003 |
CL-VaPUC |
| 008 |
940810e19930000CL |||||||||||||||||spa|d |
| 082 |
0 |
4 |
|a 333.720983
|b CON
|2 21
|
| 100 |
0 |
|
|a Contreras Manfredi, Hernan
|e author
|9 328468
|
| 110 |
2 |
|
|a Corporación Nacional Forestal
|e author
|9 328469
|
| 245 |
1 |
0 |
|a Conservación de la naturaleza y sus recursos renovables: educación ambiental para un desarrollo sustentable
|
| 300 |
|
|
|a 752 p
|
| 942 |
|
|
|c BK
|
| 945 |
|
|
|d 19940810 00:00:00
|a mfernand
|
| 260 |
|
|
|a Santiago
|b CONAF
|c 1993
|
| 650 |
|
7 |
|a CONSERVACION DE LOS RECURSOS NATURALES
|2 CL-VaPUC
|9 261621
|
| 651 |
|
7 |
|a CHILE
|2 CL-VaPUC
|9 328470
|
| 583 |
|
|
|a last modification
|c 19940810 00:00:00
|k Rodrigo Vera
|
| 999 |
|
|
|c 229621
|d 229619
|
| 952 |
|
|
|0 0
|1 0
|4 0
|6 333_720983000000000_CON_1993
|7 0
|8 P
|9 230980
|a BIBEDU
|b BIBEDU
|c BIBEDU_PB
|d 2019-11-15
|i 3004430
|o 333.720983 CON 1993
|p 3004430
|r 2024-01-25
|w 2019-11-15
|y BK
|k EDU
|